• 首页
  • 本馆介绍
  • 公告通知
  • 最新文献
  • 馆藏检索
  • 电子资源
  • 读者导购
  • 参考咨询
  • 我的图书馆
  • 登录
  • 详细信息显示
  • 放入我的书架
  • 预约/预借图书
  • 作者相关作品
  • 分类相关作品
  • 丛书相关作品
  • 出版社相关作品

书目信息

  • 表格格式
  • 工作单格式
  • 卡片格式
题名:
毛泽东文艺思想论稿
    
 
作者: 王少青 , 王少青 著
分册:  
出版信息: 成都   电子科技大学出版社  1992
页数: 268页
开本: 20cm
丛书名:
单 册:
中图分类: A841.691
科图分类:
主题词: 毛泽东文艺思想--研究 , 毛泽东文艺思想
电子资源:
ISBN: 7-81016-375-2
000 00844nam0 2200253 45
001 0120066003257
005 20061217105326.70
010    @a7-81016-375-2@dCNY21.80
092    @aCN@b491486
100    @a20060417e20051992em y0chiy0120 ea
101 0  @achi
102    @aCN@b510000
105    @ay z 000yy
200 1  @a毛泽东文艺思想论稿@Amao ze dong wen yi si xiang lun gao@f王少青著@Fwang shao qing zhu
210    @a成都@c电子科技大学出版社@d1992@h2005重印
215    @a268页@d20cm
330    @a本书内容包括:“论毛泽东文艺思想科学概论”,“论毛泽东文艺思的审美本性”,“论文艺与政治的辨证关系”等。
606  0 @a毛泽东文艺思想@x研究
606  0 @a毛泽东文艺思想
690    @aA841.691@v4
701  0 @a王少青@9wang shao qing@4著
701  0 @a王少青@Awang shao qing@4著
801  0 @aCN@bLZJBOOK@c20061217
905    @a10447@dA841.691@e101
    
    毛泽东文艺思想论稿/王少青著.-成都:电子科技大学出版社,1992(2005重印)
    268页;20cm
    
    
    ISBN 7-81016-375-2:CNY21.80
    本书内容包括:“论毛泽东文艺思想科学概论”,“论毛泽东文艺思的审美本性”,“论文艺与政治的辨证关系”等。
●
相关链接 在E读中查询图书 在五车中查询图书 在当当中查询图书 在豆瓣中查询图书


正题名:毛泽东文艺思想论稿     索取号:A841.691/101         预约/预借

序号 登录号 条形码 馆藏地/架位号 状态 备注
1 0560800   205608001   第一样本阅览室/ [索取号:A841.691/101] 在馆    
2 0560801   205608010   第一借阅区/ [索取号:A841.691/101] 在馆    
3 0560802   205608029   第一借阅区/ [索取号:A841.691/101] 在馆    
4 0560803   205608038   第一借阅区/ [索取号:A841.691/101] 在馆    
5 0560804   205608047   第一借阅区/ [索取号:A841.691/101] 在馆    
6 0560805   205608056   第一借阅区/ [索取号:A841.691/101] 在馆    
7 0560806   205608065   第一借阅区/ [索取号:A841.691/101] 在馆    
8 0560807   205608074   第一借阅区/ [索取号:A841.691/101] 在馆    
唐山师范学院图书馆 欢迎您!
大连网信软件有限公司© 版权所有